000 00508nam a2200205Ia 4500
003 GCL
008 140319s9999 xx 000 0 aFre d
040 _aGCL /
_cGCL
082 0 4 _a892.76
_bN T
100 1 _aNAGUIB MAHFOUZ
245 1 0 _aLA TRILOGIE /
_cNAGUIB MAHFOUZ
260 _a[S.N] :
_bLA POCHOTHEQUE ،
_c1993
300 _a1406 P
650 0 4 _aLITERATURE
650 0 4 _aARABIC LITERATURE
650 0 4 _aFICTION
650 0 4 _aNAGUIB MAHFOUZ
650 0 4 _aEGYPT - LITERATURE
942 _2ddc
_cBK
999 _c24919
_d24919